| 000 | 00583nam a2200181 i 4500 | ||
|---|---|---|---|
| 001 | 37054 | ||
| 003 | ES-MaACL | ||
| 005 | 20230906155508.0 | ||
| 007 | t| | ||
| 008 | 030220s1933 sp ||||1| spa d | ||
| 100 | 1 |
_aBrugsch, Theodor. _932099 |
|
| 245 | 1 | 0 |
_aTratado de patología médica / _cpor Theodor Brugsch ; traducción de la primera edición alemana por F. Sánchez-Sarachaga Quintanal. |
| 260 |
_aMadrid : _bLabor, _c1933. |
||
| 300 |
_a2 v. ; _c25 cm. |
||
| 650 | 0 | 4 |
_aPatología. _915884 |
| 700 | 1 |
_aSánchez-Sarachaga, Fernando. _9102929 |
|
| 852 |
_aES-MaACL _jE-1701-02 |
||
| 999 |
_c37054 _d37054 |
||